Návrh opatrení na zlepšenie získavania a výberu kvalifikovaných zamestnancov priemyselných podnikov v Trnavskom samosprávnom kraji

Saved in:
Bibliographic Details
Main Author: Demekha, Maksym (Author)
Other Authors: Bestvinová, Viera (Thesis advisor)
Format: Manuscript Book
Language:Slovak
Published: 2025
Subjects:
Online Access:http://is.stuba.sk/zp/portal_zp.pl?podrobnosti=180347
Tags: Add Tag
No Tags, Be the first to tag this record!

MARC

LEADER 00000ntm a22000003a 4500
001 stuzp102368
003 SK-STU
005 20250628210556.5
007 ta
008 150427s2015----xo-----f-mn---000-0-slo-d
040 |a STU  |b slo 
041 0 |a slo 
100 1 |a Demekha, Maksym  |u 064000  |4 aut  |U MTF Materiálovotechnologická fakulta  |T MTF Ústav priemyselného inžinierstva a manažmentu  |X 123697  |U M4000  |Y 84  |7 123697 
242 0 1 |a Proposal of measures to improve the acquisition and selection of qualified employees of industrial enterprises in the Trnava self-governing region  |y eng 
245 1 0 |a Návrh opatrení na zlepšenie získavania a výberu kvalifikovaných zamestnancov priemyselných podnikov v Trnavskom samosprávnom kraji 
260 |c 2025 
650 4 |a priemyselný podnik  |2 slo 
650 4 |a trh práce  |2 slo 
650 4 |a zamestnanci  |2 slo 
650 4 |a výber zamestnancov  |2 slo 
650 4 |a získavanie zamestnancov  |2 slo 
650 4 |a industrial enterprise  |2 eng 
650 4 |a labour market  |2 eng 
650 4 |a employees  |2 eng 
650 4 |a employee selection  |2 eng 
650 4 |a employee recruitment  |2 eng 
700 1 |a Bestvinová, Viera  |u 064000  |k Z1  |4 ths  |U MTF Materiálovotechnologická fakulta  |T MTF Ústav priemyselného inžinierstva a manažmentu  |X 1541  |U M4000  |Y 84  |7 A000001541 
856 4 |u http://is.stuba.sk/zp/portal_zp.pl?podrobnosti=180347 
996 |c M* BP-9895  |l MMSKP  |s P  |a 0  |w stuzp102368_0001